000 01038cam a2200313Ka 4500
001 43867
005 20230410105304.0
008 940228s1982 sp 000 0 spa d
035 _a(OCoLC)ocm29884429
040 _aPBR
_cPBR
_dOCLCQ
020 _a8474231736
020 _a9788474231731
041 1 _aspa
_hger
043 _ae------
050 1 4 _aHX 239
_bM271m 1982
082 0 0 _a335.43094
100 1 _aMandel, Ernest,
_d1923-1995.
245 1 0 _aMarxismo abierto :
_buna conversación sobre dogmas, ortodoxia y la herejía de la realidad /
_cErnest Mandel y Johannes Agnoli ; traducción castellana de Gustau Muñoz.
260 _aBarcelona :
_bGrijalbo,
_c1982.
300 _a152 p.
490 0 _aSerie general ;
_v92
500 _aTranslation of: Offener Marxismus. Ein Gesprèach èuber Dogmen, Orthodoxie und die Hèaresie der Realitèat.
650 0 _aCommunism
_zEurope.
650 0 _aMarxian economics.
650 0 _aCommunism and society
_zEurope.
942 _2lcc
_cbk
994 _aC0
_bDRFGD
050 1 4 _aEdiaz
999 _c33707
_d33707